000 00500nam a22001817a 4500
003 0
005 20231211122107.0
008 231104b xxu||||| |||| 00| 0 eng d
020 _a978-1-4998-0085-2
050 _aTR
_bRu911 2015
100 _aBurlingham, Abi
245 _aRugby and grub
_c Abi Burlingham
260 _aNew York
_bLittle Bee Books
_cc2015.
300 _a25 pages :
_bcolored illustrations ;
_c29 cm.
650 _aChildrens stories.
650 _aFriendship.
942 _2lcc
_cBK
999 _c365557
_d365557